000 00752nam a22002177a 4500
003 URS
005 20260324133751.0
008 260225b |||||||| |||| 00| 0 eng d
020 _a9786210225327
040 _cURS
050 _aKPM 479
_b.M724 2024
100 _aMogello, Richard C.
245 _aImportant provisions in civil law :
_bobligations and contracts, volume III /
_cRichard C. Mogello, Hilarion C. Mogello, Jr.
250 _a2024 Edition.--
264 _aQuezon City :
_bCentral Book Supply, Inc.,
_c©2024.
300 _axxxi, 824 pages :
_c24 cm.
504 _aIncludes bibliographical references.
650 _aCivil law
_vExaminations, Questions, etc.,
_zPhilippines.
700 _aMogello, Hilarion C.,Jr.
942 _2lcc
_cF
999 _c98942
_d98939